000 00717cam a2200217 4500
001 ABS62377
008 000000n2000 000 0 eng u
035 _a(Sirsi) u106060
100 _aWatson, P.
245 _aQuality assurance - complying with the new standards
260 _c2000
490 _aConstruction Information Quarterly
_v2(1) 2000, 11-19(9)
520 _aDiscusses how to implement a quality management system within a construction company and how BS EN ISO 9000 can be used to achieve this. Reference.
590 _aABS
650 _aQUALITY MANAGEMENT
650 _aCONSTRUCTION COMPANIES
650 _aBS EN ISO 9000
690 _aQUALITY ASSURANCE
700 _aWatts, N.
942 _n0
999 _c63532
_d63532